| 000 | 00000nam##2200000za#4500 |
| 001 | 9.676726 |
| 003 | CaOODSP |
| 005 | 20210624230024 |
| 007 | cr ||||||||||| |
| 008 | 150407|1995||||xxc|||||o f|0| 0 fre|d |
| 040 | |aCaOODSP|bfre |
| 041 | |aeng |
| 041 | |afre |
| 041 | |aspa |
| 043 | |an-cn--- |
| 086 | 1 |aEn40-428/1-1995-PDF |
| 110 | 1 |aCanada. |bEnvironnement Canada. |
| 245 | 10|aGuide d'identification CITES - crocodiliens : |h[ressource électronique]|bguide d'identification des crocodiliens protégés par la Convention sur le commerce international des espèces de faune et de flore sauvages menacées d'extinction |
| 246 | 1 |aGuía de identificación de CITES – cocodrilos : guía de identificación de los cocodrilos protegidos por la Convención sobre el Comercio Internacional de Especies Amenazadas de Fauna y Flora Silvestres |
| 260 | |aOttawa - Ontario : |bEnvironnement Canada |cc1995. |
| 300 | |a148p.|bfigures (certaines en couleur), glossaire, cartes, tableaux, photographies, index |
| 500 | |a« Une initiative d'Environnement Canada ». Le n° de catalogue (En40-428/1-1995) et l'ISBN (0-662-61957-9) de l'édition imprimée trilingue ont été copiés dans l'édition électronique. |
| 546 | |aTexte en anglais, français, et espagnol. |
| 590 | |a14-21-Supp|b2014-12-11 |
| 691 | 07|aEspèce menacée|2gcpds |
| 691 | 07|aReptile|2gcpds |
| 791 | |tCITES identification guide - crocodilians : |eeng|w(CaOODSP)9.676725 |
| 856 | 40|ahttp://publications.gc.ca|qPDF|s9.68 Mo|uhttps://publications.gc.ca/collections/collection_2014/ec/En40-428-1-1995.pdf |